00487nam a2200193 a 4500001001300000003000900013005001700022008004100039020001300080082001300093100001800106245004300124260003700167300000900204500003500213505001000248650001700258700001800275nice12345678IN_TiNIC20260116011529.0050524s1957 lona grp 000 0 eng  ac443.9400a201bBUR aBurnaby, John aChristian Words and Christian Meanings aLondonbHodder & Stoughtonc1957 a162p aincludes index and biblioraphy2 aIndex aChristianity1 aBurnaby, John